| 000 | 01168naa a22002897a 4500 | ||
|---|---|---|---|
| 001 | BR9101890 | ||
| 003 | BR-BrBNA | ||
| 005 | 20250721155404.0 | ||
| 007 | ta | ||
| 008 | 250630b bl.|||m| |||| 00| 0 por d | ||
| 040 |
_aBR-BrBNA _bpor _cBiblioteca Nacional de Agricultura |
||
| 041 | _a(Pt) | ||
| 072 |
_aF60 _b1440 _bG514 |
||
| 090 | _aF60 BR9101890 | ||
| 100 | 1 | _aLima, M.G. de | |
| 100 | 1 | _aSilva, F.A. de M. | |
| 111 | 1 |
_a5. Seminario de Pesquisa Agropecuaria do Piaui _cTeresina, PI (Brazil) _d19-21 Oct 1988 |
|
| 245 | 1 | _aEvapotranspiracao maxima (ETM)da cultura do feijao macassar (Vigna unguiculata (L.)Walp) | |
| 500 | _aAnais do 5. Seminario de Pesquisa Agropecuaria do Piaui Teresina, PI (Brasil): 1988. p. 9-20 [9 illus.; Summary (Pt); 13 ref.] (BR9101890-AMS) | ||
| 773 | 0 |
_tAnais do 5. Seminario de Pesquisa Agropecuaria do Piaui _wF60 BR9101890 _gTeresina, PI (Brasil), 1988. p. 9-20 |
|
| 650 | _aFEIJAO DE CORDA | ||
| 650 | _aEVAPOTRANSPIRACAO | ||
| 650 | _aPIAUI | ||
| 490 |
_aDocumentos - Unidade de Execucao de Pesquisa de Ambito Estadual de Teresina (Brazil) _vNo. 9 |
||
| 942 |
_cAMS _2AGRIS |
||
| 909 |
_a202506 _bLúcia _c55 _dLúcia Elande |
||
| 999 |
_c336230 _d336230 |
||